000 00461nam a22001697a 4500
005 20240613125448.0
008 240613b |||||||| |||| 00| 0 eng d
020 _a0-7432-0459-x
082 _a306.3
_bDAV-N
100 _aDavis, Malinda
245 _aNew Culture of Desire/
_cMelinda Davis
260 _aNew York;
_bThe Free Press;
_c2002.
300 _aix. 262 p.:
_bill;
_c24 cm.
500 _aInclude index.
650 _aSocial Sciences
999 _c35922
_d35922